Quizzes
Events
Quiz Creation
Community
Videos
Private Events
Remove Ads
Sign In
Join for FREE
Feedback
Dark Mode
Quiz Categories
Sports
Geography
Music
Movies
Television
Just For Fun
Miscellaneous
History
Literature
Language
Science
Gaming
Entertainment
Religion
Holiday
For Kids
Quiz Lab
Recent
Popular Today
Quiz Kudos Today
Editor Picks
Curator Picks
Quizzes by...
Day
Popularity
Type
Ratings
Length
Year
Community
Subscriptions
Recent Discussions
Orange Saloon
Badges
Playlists
Quests
Create
Leaderboards
Showdown
Live 5
Trivia Bingo
Activity
Puzzle Library
Sporcle Events
Private Events
Virtual Trivia
Globe League
Become a Host
Pub Owners
SporcleCon
Opinionation
Our Games
Videos
Blog
Mobile Apps
Partnerships
Remove Ads and Go Orange
Feedback
Movies
Disney
Marvel Cinematic Universe
Movie Resume
Movie Titles
Oscar
Actor
Actress
Director
Pixar
Role
Movie Quotes
Movie Characters
Box Office
Nominee
Best Picture
Star Wars
James Bond
Horror Movies
Movies
Disney
Marvel Cinematic Universe
Movie Resume
Movie Titles
Oscar
Actor
Actress
Director
Pixar
Role
Movie Quotes
Movie Characters
Box Office
Nominee
Best Picture
Star Wars
James Bond
Horror Movies
Random Quiz
Search Sporcle
×
Quiz Lab
Quiz Lab
Movies
Disney
Type answers based on single images at one time
Type answers based on single images at one time
Slideshow
Best Score? Go Orange.
Disney Films by Villains (Slideshow) Stats
Can you name the Disney Films by Villains (Slideshow)
By
garybrown
10m
20 Questions
1,282 Plays
1,282 Plays
1,282 Plays
Comments
Comments
Give Quiz Kudos
Give Quiz Kudos
-
- Ratings
hide this ad
Replay
Link that replays current quiz
Next Quiz
Link to next quiz in quiz playlist
You Got
0%
They Got
Avg Score
75%
Avg Friend Score
Upgrade to see
Score Distribution
Jump to the score distribution portion of the page
Score
0/20
Timer
10:00
0
Plays Today
% Correct
Toy Story
98.2%
Peter Pan
93.3%
Snow White and the seven Dwarfs
90.2%
A Bug's Life
89.8%
Cars
89%
Aladdin
88.7%
Toy Story 3
86.5%
Toy Story 2
84.1%
Incredibles
83.5%
Wreck-It-Ralph
83.3%
% Correct
101 Dalmatians
80.1%
Pirates of the Caribbean 2 & 3
79.6%
Toy Story 2
79.6%
Monsters INC.
77.5%
High School Musical 1, 2 & 3
65.9%
The Chronicles of Narnia
63.7%
The Santa Clause 3
56.2%
Inspector Gadget
46.2%
Sky High
39.6%
George of the Jungle
37.4%
Quiz Playlist
Details
Report
Send in Message
Add To Playlist
Slideshow:
Type answers based on single images at one time
Last Updated: Feb 16, 2017
Quiz Scoreboard
CHALLENGE
Sign Up to Join the Scoreboard
Show All
Scores
Hide
Comments
May contain spoilers
Recently Published
One Thing in Common: World Cities II
by knightlancer
Geography
7m
Popular People in 1961
by mucciniale
History
6m
1-10 Letter E Words III
by El_Dandy
Language
2m
More to Explore
Quiz From the Vault
Featured Blog Post
Where Did the Easter Bunny Come From?
hide this ad
You Might Also Like...
Tags
Disney Quiz
Disney Channel
Disney Films
Film Series
Image Quiz
Slideshow
Today's Top Quizzes in Movies
Browse Movies
hide this ad
Today's Top Quizzes in Disney
Browse Disney
Top Contributed Quizzes in Movies
1
Multi-Oscar Nominations, One Movie, One Winner
2
12 Movies about Fictional 1960s Events
3
One Thing in Common: Movies
4
Three Word 'T' Movies Match Up
5
Three Word 'H' Movies Match Up
6
Three Word 'M' Movies Match Up
7
Three Word 'L' Movies Match Up
8
Three Word 'R' Movies Match Up
9
Three Word 'S' Movies Match Up
10
Three Word 'U' & 'V' Movies Match Up
Explore More
Trending Topics
Marvel
NBA
Crossword
Kpop
Disney
Anime
Harry Potter
Soccer
The Office
NFL
Country
Puzzle
Pokémon
Song
WWE
hide this ad
More By:
garybrown
Quiz
Plays
Rating
Category
Featured
Created
Boy Bands
64,460
4.22
Music
May 3, 2014
Wrestlemania Opponents of Random Wrestlers
7,467
4.24
Sports
Mar 5, 2014
Every English Premier league football table part 1 90s
5,636
4.82
Sports
Feb 2, 2014
Ghosts of Eastenders
5,131
4.17
Television
Jun 22, 2014
Every English Premier league football table part 2 00s
4,344
4.89
Sports
Feb 2, 2014
Go to Creator's Profile
Score Distribution
Quiz Creator Spotlight
garybrown
Follow
Send a Message
Quizzes Created
-
Created Quiz Play Count
-
More By This Creator
Popular Quizzes Today
1
Find the US States - No Outlines Minefield
2
The Countries of the World
3
Popular People in 1961
4
Find the Countries of Europe - No Outlines Minefield
5
1-10 Letter E Words III
6
Find the US States
7
US States
8
One Thing in Common: World Cities II
More Movies Quizzes
Animal House: Dialogue to Scene
Quiz Lab
Trending Quizzes
Country Music Stars Doing Things
Get the Picture: Carrie or Dolly
1-10 Letter F Words
1-10 Letter G Words
Risky Map Clicking: Next State Alphabetically
Recently Updated
Leaping Animals
pecheneg
Reality TV Shows (A-Z)
bhenderson79
Rickey Henderson's Hall of Fame Teammates
pecheneg
Champions League XIs: Arsenal
pecheneg
Quick Pick: Celebrities in WWE's Hall of Fame
aduchscher
A-Z Keypad Blitz II
pecheneg
Multiple Oscar Actors
pecheneg
Mystery Phrase Blitz: Oscar 'Best Actors'
pecheneg
F. Scott Fitzgerald Novels
LTH
Pick 3 Villains
ddd62291
Trending Topics
Crossword
Marvel
Anime
Kpop
NBA
Disney
Harry Potter
The Office
Soccer
WWE
Country
NFL
Pokémon
Puzzle
Song
Your Account Isn't Verified!
In order to create a playlist on Sporcle, you need to verify the email address you used during registration. Go to your
Sporcle Settings
to finish the process.
Report this User
Report this user for behavior that violates our
Community Guidelines
.
Details:
Send Report
Go to the Sporcle.com Mobile Site →
Comments